Indicios [juego] /

Guardado en:
Formato: Objeto Físico
Publicado: Argentina : Edukit, [199?]
Materias:
Etiquetas: Agregar Etiqueta
Sin Etiquetas, Sea el primero en etiquetar este registro!
LEADER 00712nrm a22001575g 4500
001 CEM.cems019159
008 130507b199?##################0###0#####d
005 20220829200232.0
003 CEMS
245 0 0 |a Indicios [juego] /  |c Edukit 
260 |a Argentina :  |b Edukit,  |c [199?] 
300 |a 1 juego (4 tableros, 1 dado, 400 tarjetas divididas en 4 rubros, 16 fichas) ; en caja 41 x 24 x 6 cm. + manual de instrucciones. 
500 |a Para 2 a 4 jugadores o equipos a partir de los 14 años objetivo: ser el primero en completar las cuatro calles o recorridos del tablero adivinando las palabras. 
082 0 4 |a J793.73 
653 |a 1. juegos de preguntas y respuestas 
859 |a CEMS  |b BIB. CEMS - Ludoteca  |h J793.73  |i Ed84  |p 063.92  |t Ej.1